Estudios de derecho penal

Bibliographic Details
Main Author: Cancio Meli,̀ Manuel
Format: eBook
Language:Spanish
Published: Lima : Palestra Editores, 2010
Subjects:
Online Access:Acceso restringido

MARC

LEADER 00000nam a22000007a 4500
005 20120423132754.0
007 cr|||| ||||
008 120423s2010 pe |||||s|||| 00||0 spa d
020 |a  978-612-4047-33-6 
035 |a 6432 
040 |a vLex 
090 |c 3138  |d 3138 
100 1 |a Cancio Meli,̀ Manuel 
245 1 0 |a Estudios de derecho penal  |h [Recurso electrn̤ico] /  |c Manuel Cancio Meli ̀ 
256 |a Servicio en ln̕ea 
260 |a Lima :  |b Palestra Editores,  |c 2010 
300 |a 1 recurso electrn̤ico 
506 1 |a Contenido solo disponible en los productos indicados  |d vLex Global   |d vLex Global (Academic Edition, excluding Law Schools)   |d vLex Global (U.S. Academic Edition, Law Schools)   |d vLex Global (U.S. Academic Edition, excluding Law Schools)   |d vLex Global (Academic Edition, Law Schools)  
650 0 4 |a Derecho penal  |z Per︢ 
740 0 |a vLex Libros (Servicio en ln̕ea) 
856 4 0 |u http://vlex.com/source/estudios-derecho-penal-6432  |z Acceso restringido 
942 |c BOOK 
999 0 |a Criminal law